[Event "Scottish op"]
[Site "Dunfermline"]
[Date "2025.07.07"]
[Round "1"]
[White "McCormack, Derek"]
[Black "Mcclymont, Duncan"]
[Result "1/2-1/2"]
[WhiteElo "1973"]
[BlackElo "1731"]
[PlyCount "37"]
[EventDate "2025.07.07"]
[EventType "swiss"]
[EventRounds "9"]
[EventCountry "SCO"]
[SourceTitle "CB29_2025"]
[SourceDate "2025.07.16"]
[SourceVersion "1"]
[SourceVersionDate "2025.07.16"]
[SourceQuality "1"]

1. d4 Nf6 2. c4 e6 3. Nc3 Bb4 4. f3 c5 5. a3 Bxc3+ 6. bxc3 d5 7. cxd5 exd5 8. e3 0-0 9. Bd3 Nc6 10. Ne2 h5 11. 0-0 Re8 12. Ra2 b6 13. Qe1 Qc7 14. Qh4 Ne7 15. Ng3 Ng6 16. Qg5 Nh7 17. Qxh5 Nf6 18. Qg5 Nh7 19. Qh5 1/2-1/2

[Event "Scottish op"]
[Site "Dunfermline"]
[Date "2024.07.12"]
[Round "7"]
[White "Holm, Ragnar"]
[Black "McCormack, Derek"]
[Result "1/2-1/2"]
[WhiteElo "2130"]
[BlackElo "1932"]
[PlyCount "27"]
[EventDate "2024.07.08"]
[EventType "swiss"]
[EventRounds "9"]
[EventCountry "SCO"]
[SourceTitle "CBM 221 Extra"]
[Source "ChessBase"]
[SourceDate "2024.09.30"]
[SourceVersion "1"]
[SourceVersionDate "2024.09.30"]
[SourceQuality "1"]

1. d4 d5 2. c4 e6 3. Nf3 a6 4. Bg5 Be7 5. Bxe7 Qxe7 6. Nbd2 Nf6 7. g3 0-0 8. Bg2 c6 9. 0-0 Nbd7 10. Qc2 e5 11. e4 dxe4 12. Nxe4 exd4 13. Nxd4 Nc5 14. Nc3 1/2-1/2

[Event "Scottish op"]
[Site "Dunfermline"]
[Date "2024.07.08"]
[Round "1"]
[White "McCormack, Derek"]
[Black "Spencer, Edwin A"]
[Result "1/2-1/2"]
[WhiteElo "1932"]
[BlackElo "2119"]
[PlyCount "58"]
[EventDate "2024.07.08"]
[EventType "swiss"]
[EventRounds "9"]
[EventCountry "SCO"]
[SourceTitle "CBM 221 Extra"]
[Source "ChessBase"]
[SourceDate "2024.09.30"]
[SourceVersion "1"]
[SourceVersionDate "2024.09.30"]
[SourceQuality "1"]

1. d4 Nf6 2. c4 c5 3. d5 b5 4. e4 Nxe4 5. Bd3 Qa5+ 6. Nd2 Nd6 7. cxb5 c4 8. Be2 Qxb5 9. b3 Qxd5 10. bxc4 Qa5 11. Ngf3 e6 12. 0-0 Be7 13. Nb3 Qd8 14. Nfd4 Ba6 15. Bf3 Nb7 16. Bd2 0-0 17. Re1 Bf6 18. Rb1 Qc7 19. Bb4 Re8 20. c5 Nc6 21. Nxc6 dxc6 22. Qc2 Rad8 23. Rbd1 Bb5 24. g3 Ba4 25. Qe4 Bb5 26. Nd4 Ba4 27. Nb3 Bb5 28. Nd4 Ba4 29. Nb3 Bb5 1/2-1/2

[Event "Edinburgh Park op"]
[Site "Edinburgh"]
[Date "2024.03.23"]
[Round "2"]
[White "Srivastava, Aditya"]
[Black "McCormack, Derek"]
[Result "0-1"]
[WhiteElo "1800"]
[BlackElo "1918"]
[PlyCount "84"]
[EventDate "2024.03.22"]
[EventType "swiss"]
[EventRounds "5"]
[EventCountry "SCO"]
[SourceTitle "CBM 219 Extra"]
[Source "ChessBase"]
[SourceDate "2024.05.31"]
[SourceVersion "1"]
[SourceVersionDate "2024.05.31"]
[SourceQuality "1"]

1. d4 d5 2. Bf4 Nf6 3. e3 e6 4. Nf3 Bd6 5. Bg3 0-0 6. Nbd2 c5 7. c3 Nc6 8. Bd3 b6 9. Qe2 Bb7 10. e4 Be7 11. e5 Nh5 12. a3 c4 13. Bc2 g6 14. b3 cxb3 15. Bxb3 Na5 16. 0-0 Rc8 17. Rfc1 Nxg3 18. hxg3 Qd7 19. Bd1 Rc7 20. Qe3 Rfc8 21. Nb1 Qb5 22. Ra2 Nc4 23. Qe2 Bf8 24. Nfd2 Ba6 25. Nxc4 Rxc4 26. Qb2 Qxb2 27. Rxb2 Rxd4 28. Bf3 Ra4 29. Re1 Ra5 30. Ra2 Bd3 31. Nd2 Rxc3 32. a4 Bh6 33. Nb1 Rc1 34. Rxc1 Bxc1 35. Nc3 Rc5 36. Nb5 Bc4 37. Rc2 Bxb5 38. Rxc5 bxc5 39. axb5 Bb2 40. Kf1 Bxe5 41. Ke2 Bd4 42. Kd3 Bxf2 0-1

[Event "Glasgow op"]
[Site "Glasgow"]
[Date "2023.11.05"]
[Round "4"]
[White "McCormack, Derek"]
[Black "Ram Prasad, PM."]
[Result "0-1"]
[WhiteElo "1891"]
[BlackElo "1577"]
[PlyCount "84"]
[EventDate "2023.11.03"]
[EventType "swiss"]
[EventRounds "5"]
[EventCountry "SCO"]
[SourceTitle "CBM 217 Extra"]
[Source "ChessBase"]
[SourceDate "2024.01.31"]
[SourceVersion "1"]
[SourceVersionDate "2024.01.31"]
[SourceQuality "1"]

1. d4 d5 2. c4 e6 3. Nc3 Nf6 4. cxd5 exd5 5. Bg5 Be7 6. Qc2 c6 7. e3 h6 8. Bh4 0-0 9. Bd3 Nbd7 10. Nf3 Re8 11. 0-0 Ne4 12. Bxe7 Qxe7 13. Bxe4 dxe4 14. Nd2 Nf6 15. Rfe1 Bf5 16. a3 Nd5 17. Nf1 Bg6 18. Rac1 Rad8 19. Na4 f5 20. Qc5 f4 21. Qxe7 Rxe7 22. Nc5 fxe3 23. fxe3 Nf6 24. Rc3 Bf7 25. Ng3 g6 26. Kf1 Kg7 27. Ke2 Rd5 28. Rf1 b6 29. Na6 Be8 30. Nb4 Rb5 31. Rfc1 Nd5 32. Rc4 a5 33. Nxc6 Rxb2+ 34. Ke1 Bxc6 35. Rxc6 Rxg2 36. Nf1 Rf7 37. R6c2 Rg1 38. Ke2 Rf3 39. Ng3 Rxe3+ 40. Kf2 Rxc1 41. Rxc1 Rf3+ 42. Ke2 Rxa3 0-1

[Event "Edinburgh Allegro op"]
[Site "Edinburgh"]
[Date "2023.08.05"]
[Round "5"]
[White "McCormack, Derek"]
[Black "Browning, Isaac"]
[Result "0-1"]
[WhiteElo "1681"]
[BlackElo "1993"]
[PlyCount "68"]
[EventDate "2023.08.05"]
[EventType "swiss (rapid)"]
[EventRounds "5"]
[EventCountry "SCO"]
[SourceTitle "CBM 215 Extra"]
[Source "ChessBase"]
[SourceDate "2023.09.30"]
[SourceVersion "1"]
[SourceVersionDate "2023.09.30"]
[SourceQuality "1"]

1. d4 Nf6 2. c4 g6 3. Nc3 d5 4. cxd5 Nxd5 5. e4 Nxc3 6. bxc3 Bg7 7. Nf3 c5 8. Rb1 0-0 9. Be2 cxd4 10. cxd4 Qa5+ 11. Bd2 Qxa2 12. 0-0 Bg4 13. Rxb7 Bxf3 14. Bxf3 Nc6 15. d5 Rad8 16. Qc1 Nd4 17. Bh6 Nxf3+ 18. gxf3 Bxh6 19. Qxh6 e6 20. f4 Qe2 21. dxe6 Qg4+ 22. Kh1 Qxe6 23. Re1 Rd1 24. Rxd1 Qxe4+ 25. Kg1 Qxb7 26. f5 Qf3 27. Ra1 Qg4+ 28. Kh1 Qxf5 29. Qe3 a5 30. Qa7 Re8 31. Qxa5 Re5 32. Qd8+ Kg7 33. Qd4 Qf6 34. Qd1 Rf5 0-1

[Event "Edinburgh Allegro op"]
[Site "Edinburgh"]
[Date "2023.08.05"]
[Round "2"]
[White "McCormack, Derek"]
[Black "Gera, Marvin"]
[Result "1/2-1/2"]
[WhiteElo "1681"]
[BlackElo "1882"]
[PlyCount "72"]
[EventDate "2023.08.05"]
[EventType "swiss (rapid)"]
[EventRounds "5"]
[EventCountry "SCO"]
[SourceTitle "CBM 215 Extra"]
[Source "ChessBase"]
[SourceDate "2023.09.30"]
[SourceVersion "1"]
[SourceVersionDate "2023.09.30"]
[SourceQuality "1"]

1. d4 f5 2. Bg5 h6 3. Bh4 g5 4. e3 Nf6 5. Be2 e6 6. Bh5+ Ke7 7. Bg3 d6 8. Be2 Bg7 9. h4 g4 10. c4 Nbd7 11. Nc3 Rf8 12. Bd3 Nh5 13. Nge2 c6 14. Qc2 Ndf6 15. Nf4 Nxf4 16. Bxf4 Nh5 17. Bh2 e5 18. dxe5 dxe5 19. 0-0-0 Qc7 20. Kb1 Be6 21. Na4 Qa5 22. Rhe1 Rad8 23. c5 Rd7 24. Bc4 Rfd8 25. Bxe6 Kxe6 26. Qc4+ Kf6 27. Nc3 Rxd1+ 28. Rxd1 Rxd1+ 29. Nxd1 Qd2 30. Qb3 g3 31. Bxg3 Nxg3 32. fxg3 Qxg2 33. a3 Qd2 34. Nc3 Qd7 35. e4 Qd3+ 36. Qc2 Qd8 1/2-1/2

[Event "Edinburgh Allegro op"]
[Site "Edinburgh"]
[Date "2023.08.05"]
[Round "4"]
[White "McCormack, Derek"]
[Black "Paul, Rabindra"]
[Result "1-0"]
[WhiteElo "1681"]
[BlackElo "1803"]
[PlyCount "60"]
[EventDate "2023.08.05"]
[EventType "swiss (rapid)"]
[EventRounds "5"]
[EventCountry "SCO"]
[SourceTitle "CBM 215 Extra"]
[Source "ChessBase"]
[SourceDate "2023.09.30"]
[SourceVersion "1"]
[SourceVersionDate "2023.09.30"]
[SourceQuality "1"]

1. d4 Nf6 2. c4 e6 3. Nc3 Bb4 4. f3 d5 5. a3 Be7 6. e4 c5 7. cxd5 exd5 8. e5 Nfd7 9. Nxd5 cxd4 10. Nxe7 Qxe7 11. f4 f6 12. Nf3 fxe5 13. Bc4 Nc6 14. 0-0 Qc5 15. Qb3 e4 16. Bf7+ Kd8 17. Ng5 Nf6 18. Be6 Re8 19. f5 e3 20. Qd1 Bxe6 21. Nxe6+ Rxe6 22. fxe6 Ke7 23. b4 Qe5 24. Qf3 Qxe6 25. b5 Nd8 26. a4 Qe4 27. Ba3+ Kd7 28. Qg3 e2 29. Qxg7+ Ke8 30. Rae1 d3 1-0

[Event "SCO-ch op 128th"]
[Site "Dunfermline"]
[Date "2023.07.09"]
[Round "4"]
[White "Madhavan, Sanjith1"]
[Black "McCormack, Derek"]
[Result "1-0"]
[WhiteElo "1987"]
[BlackElo "1873"]
[PlyCount "41"]
[EventDate "2023.07.07"]
[EventType "swiss"]
[EventRounds "5"]
[EventCountry "SCO"]
[SourceTitle "CBM 215 Extra"]
[Source "ChessBase"]
[SourceDate "2023.09.30"]
[SourceVersion "1"]
[SourceVersionDate "2023.09.30"]
[SourceQuality "1"]

1. e4 c5 2. Nf3 Nc6 3. d4 cxd4 4. Nxd4 Nf6 5. Nc3 d6 6. Bg5 e6 7. Bb5 Qb6 8. Be3 Qc7 9. g4 e5 10. Nf5 g6 11. Bg5 gxf5 12. Bxf6 Rg8 13. Nd5 Qb8 14. Bxe5 Bg7 15. Nf6+ Bxf6 16. Bxd6 Rxg4 17. Bxb8 Rxe4+ 18. Kf1 Rxb8 19. Qd6 Be7 20. Bxc6+ bxc6 21. Qxb8 1-0

[Event "SCO-ch op 128th"]
[Site "Dunfermline"]
[Date "2023.07.09"]
[Round "5"]
[White "McCormack, Derek"]
[Black "McNaught, Jordan J"]
[Result "1-0"]
[WhiteElo "1873"]
[BlackElo "1696"]
[PlyCount "75"]
[EventDate "2023.07.07"]
[EventType "swiss"]
[EventRounds "5"]
[EventCountry "SCO"]
[SourceTitle "CBM 215 Extra"]
[Source "ChessBase"]
[SourceDate "2023.09.30"]
[SourceVersion "1"]
[SourceVersionDate "2023.09.30"]
[SourceQuality "1"]

1. d4 d5 2. c4 e6 3. Nc3 Nf6 4. cxd5 exd5 5. Bg5 c6 6. Qc2 h6 7. Bh4 Be7 8. e3 0-0 9. Bd3 Re8 10. Nge2 Nbd7 11. 0-0 a5 12. Rad1 b5 13. a3 Ba6 14. f3 b4 15. Nb1 c5 16. Bf2 c4 17. Bf5 Bd6 18. Rfe1 g6 19. Bh3 Qc7 20. Ng3 Qc6 21. Nd2 bxa3 22. bxa3 Bb5 23. Ra1 Ba4 24. Bxd7 Qxd7 25. Qc3 Qc6 26. Rab1 Re7 27. Ngf1 Rae8 28. Bg3 Bxg3 29. Nxg3 Ra7 30. e4 h5 31. exd5 Nxd5 32. Qxc4 Rae7 33. Rxe7 Rxe7 34. Qxc6 Bxc6 35. Rc1 Bb5 36. Rc5 Nc7 37. d5 Rd7 38. Nge4 1-0

[Event "Perth op-A"]
[Site "Perth"]
[Date "2023.04.22"]
[Round "2"]
[White "Neave, George"]
[Black "McCormack, Derek"]
[Result "1-0"]
[WhiteElo "2085"]
[BlackElo "1860"]
[PlyCount "113"]
[EventDate "2023.04.21"]
[EventType "swiss"]
[EventRounds "5"]
[EventCountry "SCO"]
[SourceTitle "EXT 2024"]
[Source "ChessBase"]
[SourceDate "2023.10.10"]
[SourceVersion "1"]
[SourceVersionDate "2023.10.10"]
[SourceQuality "1"]

1. e4 c5 2. Nf3 Nc6 3. d4 cxd4 4. Nxd4 Nf6 5. Nc3 d6 6. Bg5 e6 7. Qd2 a6 8. 0-0-0 Bd7 9. f4 Be7 10. Nf3 b5 11. Bxf6 gxf6 12. Kb1 Qb6 13. f5 0-0-0 14. fxe6 fxe6 15. g3 Kb8 16. Bh3 b4 17. Ne2 Na5 18. Nf4 d5 19. exd5 e5 20. Bxd7 Rxd7 21. Ne6 Nc4 22. Qe2 Rc8 23. Rd3 a5 24. Nd2 Nd6 25. Ne4 Nb5 26. Ka1 Nd4 27. Nxd4 exd4 28. d6 Bxd6 29. Nxf6 Rb7 30. Rhd1 Bxg3 31. Nd5 Qc5 32. hxg3 Qxd5 33. Rxd4 Qc6 34. Qe5+ Qc7 35. Rd5 Qxe5 36. Rxe5 Rxc2 37. Rxa5 Rbc7 38. Kb1 Rg2 39. Rb5+ Rb7 40. Rxb7+ Kxb7 41. Rd4 Rxg3 42. Rxb4+ Kc6 43. Rh4 Rg7 44. a4 Kb6 45. Ka2 Rf7 46. Ka3 Re7 47. Rh6+ Kb7 48. a5 Rf7 49. Ka4 Ka7 50. b4 Kb7 51. a6+ Ka7 52. Ka5 Rg7 53. b5 Rf7 54. b6+ Kb8 55. Kb5 Rg7 56. Kc6 Ka8 57. Rd6 1-0

[Event "SCO-ch 125th"]
[Site "Paisley"]
[Date "2018.07.10"]
[Round "4"]
[White "Kearsley, Raymond J"]
[Black "McCormack, Derek"]
[Result "1/2-1/2"]
[WhiteElo "1603"]
[BlackElo "1836"]
[PlyCount "110"]
[EventDate "2018.07.07"]
[EventType "swiss"]
[EventRounds "9"]
[EventCountry "SCO"]
[SourceTitle "CBM 185 Extra"]
[Source "ChessBase"]
[SourceDate "2018.07.29"]
[SourceVersion "1"]
[SourceVersionDate "2018.07.29"]
[SourceQuality "1"]

1. e4 c5 2. Nf3 d6 3. Bb5+ Nc6 4. d4 cxd4 5. Qxd4 Bd7 6. Bxc6 Bxc6 7. Nc3 Nf6 8. 0-0 e5 9. Qd3 h6 10. h3 Be7 11. Be3 0-0 12. Rfd1 Qc7 13. Nd2 Rfd8 14. Nd5 Nxd5 15. exd5 Bd7 16. g4 Rf8 17. f3 f5 18. Rac1 fxg4 19. fxg4 Qc8 20. Qe4 Be8 21. Rf1 Rf6 22. Rxf6 Bxf6 23. Rf1 Qd8 24. Qf3 Be7 25. Ne4 Bg6 26. Qg2 Bxe4 27. Qxe4 Bg5 28. Rf5 Bxe3+ 29. Qxe3 Qb6 30. Qxb6 axb6 31. a3 Ra5 32. c4 Rc5 33. b3 b5 34. Rf3 bxc4 35. bxc4 Rxc4 36. Rb3 Rd4 37. Rxb7 Rxd5 38. Rb1 Kf7 39. a4 Ra5 40. Ra1 Ke6 41. Kf2 d5 42. Ke3 d4+ 43. Ke4 Kd6 44. Ra2 g6 45. Ra1 Rc5 46. Ra3 Rc1 47. a5 Re1+ 48. Kf3 e4+ 49. Kf2 Rc1 50. a6 Rc8 51. a7 Ra8 52. Ra6+ Kc5 53. Ra5+ Kb6 54. Rd5 Rxa7 55. Rxd4 Kc5 1/2-1/2

[Event "SCO-ch 125th"]
[Site "Paisley"]
[Date "2018.07.09"]
[Round "3"]
[White "McCormack, Derek"]
[Black "Green, Andrew"]
[Result "0-1"]
[WhiteElo "1836"]
[BlackElo "2074"]
[PlyCount "34"]
[EventDate "2018.07.07"]
[EventType "swiss"]
[EventRounds "9"]
[EventCountry "SCO"]
[SourceTitle "CBM 185 Extra"]
[Source "ChessBase"]
[SourceDate "2018.07.29"]
[SourceVersion "1"]
[SourceVersionDate "2018.07.29"]
[SourceQuality "1"]

1. d4 Nf6 2. Bf4 g6 3. Nc3 d5 4. e3 Bg7 5. h4 h5 6. Be2 c5 7. Nf3 cxd4 8. exd4 0-0 9. Ng5 Nc6 10. Qd2 Bf5 11. 0-0 Rc8 12. Bh2 Qb6 13. Be5 Qxb2 14. Rfc1 Nxe5 15. dxe5 Qxc3 16. Qxc3 Rxc3 17. exf6 Bxf6 0-1

[Event "SCO-ch 123rd"]
[Site "Glasgow"]
[Date "2016.07.17"]
[Round "9"]
[White "Abrahams, Daniel"]
[Black "McCormack, Derek"]
[Result "1-0"]
[WhiteElo "2075"]
[BlackElo "1703"]
[PlyCount "79"]
[EventDate "2016.07.09"]
[EventType "swiss"]
[EventRounds "9"]
[EventCountry "SCO"]
[SourceTitle "CBM 173 Extra"]
[Source "ChessBase"]
[SourceDate "2016.08.29"]
[SourceVersion "1"]
[SourceVersionDate "2016.08.29"]
[SourceQuality "1"]

1. c4 c5 2. Nc3 Nc6 3. g3 g6 4. Bg2 Bg7 5. Nf3 e5 6. 0-0 Nge7 7. Ne1 d6 8. Nc2 0-0 9. Rb1 a5 10. a3 Rb8 11. b4 Be6 12. bxc5 dxc5 13. d3 b6 14. Ne3 Kh8 15. Ned5 Na7 16. Nxe7 Qxe7 17. Be3 f6 18. Qd2 Qd7 19. Nd5 Nc8 20. Bxc5 Rf7 21. Nxb6 Nxb6 22. Bxb6 Bxc4 23. Qxa5 Be6 24. Be3 Rxb1 25. Rxb1 h6 26. Rb7 Qd6 27. Rxf7 Bxf7 28. Qc5 Qe6 29. h4 Qa2 30. Bf3 Be6 31. Kg2 Kg8 32. Qe7 Kh7 33. Bc5 Bg8 34. Qd7 Kh8 35. a4 Be6 36. Qe8+ Kh7 37. h5 Bf7 38. hxg6+ Bxg6 39. Qd7 Kh8 40. Bd5 1-0

[Event "SCO-ch 123rd"]
[Site "Glasgow"]
[Date "2016.07.13"]
[Round "5"]
[White "McCormack, Derek"]
[Black "Doyle, James J"]
[Result "0-1"]
[WhiteElo "1703"]
[BlackElo "1902"]
[PlyCount "54"]
[EventDate "2016.07.09"]
[EventType "swiss"]
[EventRounds "9"]
[EventCountry "SCO"]
[SourceTitle "CBM 173 Extra"]
[Source "ChessBase"]
[SourceDate "2016.08.29"]
[SourceVersion "1"]
[SourceVersionDate "2016.08.29"]
[SourceQuality "1"]

1. e4 c6 2. d3 d5 3. Nd2 dxe4 4. dxe4 Nd7 5. Ngf3 e5 6. Bc4 Qf6 7. 0-0 Ne7 8. Bb3 Ng6 9. Nc4 h6 10. c3 Be7 11. h3 0-0 12. Nh2 Nc5 13. Bc2 Be6 14. Ng4 Bxg4 15. Qxg4 Rad8 16. f4 exf4 17. Bxf4 Nxf4 18. Rxf4 Qg5 19. Qf3 Ne6 20. Rf5 Qh4 21. Rf1 g6 22. Rxf7 Ng5 23. Qf4 Bc5+ 24. Kh1 Rxf7 25. Qxh4 Rxf1+ 26. Kh2 Bg1+ 27. Kg3 Bf2+ 0-1